Normal view
MARC view
- Smiley, George (Fictitious character)
Entry Topical Term
001 - CONTROL NUMBER
- control field: 11819
003 - CONTROL NUMBER IDENTIFIER
- control field: NUST
005 - DATE AND TIME OF LATEST TRANSACTION
- control field: 20180718101240.0
008 - FIXED-LENGTH DATA ELEMENTS
- fixed length control field: 180718|| aca||aabn | a|a d
040 ## - CATALOGING SOURCE
- Original cataloging agency: NUST
- Transcribing agency: NUST
150 ## - HEADING--TOPICAL TERM
- Topical term or geographic name entry element: Smiley, George (Fictitious character)
- General subdivision: Fiction.
670 ## - SOURCE DATA FOUND
- Source citation: Work cat.: (NUST)173307: Le Carré, John, 1931- 11818, Tinker, tailor, soldier, spy /, 1974.
